|
|
|
|
| LEADER |
00000nam0a2200000 4500 |
| 001 |
23189 |
| 005 |
20231101205531.0 |
| 010 |
|
|
|a 5922100068
|
| 035 |
|
|
|a (RuTPU)RU\TPU\book\23407
|
| 035 |
|
|
|a BOOK00023479
|
| 090 |
|
|
|a 23189
|
| 100 |
|
|
|a 20011209d1999 m y0rusy50 ca
|
| 101 |
0 |
|
|a rus
|
| 102 |
|
|
|a RU
|
| 105 |
|
|
|a y j 000zy
|
| 200 |
1 |
|
|a Методы оптимизации в задачах и упражнениях
|e учебное пособие
|f О. В. Васильев, А. В. Аргучинцев
|
| 210 |
|
|
|a Москва
|c Физматлит
|d 1999
|
| 215 |
|
|
|a 208 с.
|
| 606 |
|
|
|a Математическое программирование
|x (математика)
|2 stltpush
|3 (RuTPU)RU\TPU\subj\41243
|9 61049
|
| 610 |
1 |
|
|a математика
|
| 610 |
1 |
|
|a математические методы
|
| 610 |
1 |
|
|a оптимизация
|
| 610 |
1 |
|
|a численные методы
|
| 610 |
1 |
|
|a вариационное исчисление
|
| 610 |
1 |
|
|a задачи
|
| 610 |
1 |
|
|a упражнения
|
| 610 |
1 |
|
|a решения
|
| 610 |
1 |
|
|a ответы
|
| 610 |
1 |
|
|a учебные пособия
|
| 675 |
|
|
|a 517.977(076)
|v 3
|
| 675 |
|
|
|a 519.85(076)
|v 3
|
| 700 |
|
1 |
|a Васильев
|b О. В.
|g Олег Владимирович
|
| 701 |
|
1 |
|a Аргучинцев
|b А. В.
|g Александр Валерьевич
|
| 801 |
|
0 |
|a RU
|b 63413507
|c 20011209
|g PSBO
|
| 801 |
|
2 |
|a RU
|b 63413507
|c 20200902
|g PSBO
|
| 942 |
|
|
|c BK
|